| 000 | 00763nam a2200229 i 4500 | ||
|---|---|---|---|
| 001 | 14584 | ||
| 003 | ES-MaACL | ||
| 005 | 20240424063035.0 | ||
| 007 | t| | ||
| 008 | 990427s1994 sp ||||1| spa d | ||
| 020 | _a8485709993 | ||
| 080 | _a821.134.2-14"19" | ||
| 100 | 0 |
_aBadosa, Enrique, _d1927-2021 _924566 |
|
| 245 | 1 | 0 |
_aRelación verdadera de un viaje americano / _cEnrique Badosa. |
| 260 |
_aSan Cugat del Vallès, Barcelona : _bLos Libros de la Frontera, _c1994. |
||
| 300 |
_a56 p. ; _c19 cm. |
||
| 490 | 1 |
_aEl bardo, colección de poesía ; _v39 |
|
| 830 | 0 |
_aEl Bardo (Sahagún, Carlos) ; _9235933 _v39 |
|
| 852 |
_aES-MaACL _jL-21768 _bR.123015 _gDedecatoria autógrafa del autor _914930 |
||
| 942 | _2udc | ||
| 999 |
_c14584 _d14584 |
||